000
00291nam a2200121 a 4500
008
101022s1959|||| d
245
1
0
_a
Atómová stanica
100
1
_a
Laxness, H.K.
044
_a
xo
_c
SK
041
_a
slo
260
_b
Slovenský spisovateľ
_a
Bratislava
_c
1959
020
_c
12
999
_c
12099
_d
12099